Manual de soldadura
Guardat en:
| Autors principals: | , , |
|---|---|
| Format: | Llibre |
| Idioma: | espanyol |
| Publicat: |
Ciudad de México
Limusa
2001
|
| Matèries: | |
| Etiquetes: |
Afegir etiqueta
Sense etiquetes, Sigues el primer a etiquetar aquest registre!
|
MARC
| LEADER | 00000nam a2200000 a 4500 | ||
|---|---|---|---|
| 001 | UCM2496 | ||
| 003 | CL-VaPUC | ||
| 008 | 020607e20010000MX |||||||||||||||||spa|d | ||
| 082 | 0 | 4 | |a 671.52 |b KOE |2 21 |
| 100 | 0 | |a Koellhoffer, Leonard |e author |9 469269 | |
| 700 | 0 | |a Manz, August F |e author |9 469270 | |
| 700 | 0 | |a Hornberger, Eugene G |e author |9 469271 | |
| 245 | 1 | 0 | |a Manual de soldadura |
| 300 | |a 508 p | ||
| 942 | |c BK | ||
| 945 | |d 20020607 00:00:00 |a vberengu | ||
| 260 | |a Ciudad de México |b Limusa |c 2001 | ||
| 650 | 7 | |a MAQUINAS PARA SOLDAR |2 CL-VaPUC |9 363846 | |
| 650 | 0 | |a Procesos industriales |9 334036 | |
| 650 | 0 | |a Soldadura |9 262933 | |
| 650 | 7 | |a TRABAJADO DE METALES |2 CL-VaPUC |9 344423 | |
| 583 | |a last modification |c 20020607 00:00:00 |k Rodrigo Vera | ||
| 999 | |c 300335 |d 300333 | ||
| 952 | |0 0 |1 0 |4 0 |6 671_520000000000000_KOE_2001 |7 0 |8 A |9 357988 |a BIBMEC |b BIBMEC |d 2019-11-21 |i 3817318 |l 4 |o 671.52 KOE 2001 |p 3817318 |r 2024-01-19 |s 2022-09-05 |w 2019-11-21 |y BK |k MEC | ||